2007 AFL Premiership Team - Statistics

General Stats
  • This quiz has been taken 116 times
  • The average score is 18 of 24
Answer Stats
Hint Answer % Correct
Premiership Team Geelong
99%
Rover Gary Ablett
98%
Full Forward Nathan Ablett
98%
Centre Jimmy Bartel
88%
Coach Mark Thompson
87%
Forward Pocket Paul Chapman
87%
Half Forward Flank Joel Selwood
85%
Wing Corey Enright
84%
Half Forward Flank Steve Johnson
83%
Centre Half Forward Cameron Mooney
82%
Full Back Matthew Scarlett
82%
Ruck Rover Cameron Ling
79%
Ruck Brad Ottens
78%
Half Back Flank Andrew Mackie
71%
Back Pocket Tom Harley
70%
Wing Joel Corey
67%
Interchange Max Rooke
62%
Centre Half Back Darren Milburn
61%
Back Pocket Josh Hunt
61%
Forward Pocket Matthew Stokes
61%
Interchange Steven King
56%
Half Back Flank David Wojcinski
54%
Interchange James Kelly
51%
Interchange Shannon Byrnes
48%
No matching quizzes found
Score Distribution
Percent of People with Each Score
Percentile by Number Answered
Your Score History
You have not taken this quiz